MARC

LEADER 00000nam0a2200000 4500
001 113652
005 20231101215136.0
010 |a 589702166X 
035 |a (RuTPU)RU\TPU\book\122914 
090 |a 113652 
100 |a 20070413d2006 m y0rusy50 ca 
101 0 |a rus 
102 |a RU 
105 |a a z 000zy 
200 1 |a Люби и знай свой край  |e воспоминания о незабываемых днях, проведенных в туристических походах по Сибири, 1951-1954  |f Г. П. Бурцев 
210 |a Томск  |c Изд-во Томского ЦНТИ  |d 2006 
215 |a 220 с.  |c ил. 
390 |a На форзаце дарственная надпись: "Отделу редких книг Научно-технической библиотеки им. академика В.А. Обручева от его питомца Гены Бурцева дарится книга. 2. 04. 2007 Бурцев" 
600 1 |a Бурцев  |b Г. П.  |c российский художник  |c выпускник ФТФ ТПИ 1960  |f 1936-  |g Геннадий Павлович  |y Томск  |2 stltpush  |3 (RuTPU)RU\TPU\pers\7948 
606 1 |a Сибирь  |x История  |2 stltpush  |3 (RuTPU)RU\TPU\subj\67153  |9 83036 
610 1 |a география 
610 1 |a туристические походы 
610 1 |a воспоминания 
610 1 |a дарственные надписи 
610 1 |a дары автора 
610 1 |a дары библиотеке 
610 1 |a Коллекция ТПУ 
686 |a Т3(253)  |v LBC/SL-A  |2 rubbk 
700 1 |a Бурцев  |b Г. П.  |c российский художник  |c выпускник ФТФ ТПИ 1960 г.  |f 1936 г.р.  |g Геннадий Павлович  |2 stltpush  |3 (RuTPU)RU\TPU\pers\7948  |4 070 
801 1 |a RU  |b 63413507  |c 20070413  |g PSBO 
801 2 |a RU  |b 63413507  |c 20210120  |g PSBO 
942 |c BK